000
00281nam a22001337a 4500
008
171220b xxu||||| |||| 00| 0 eng d
020
_a
9781405104128`
041
_a
eng
080
_a
579
100
_a
11
101
_a
MICF
245
_a
MICROBIOLOGY
_c
VIKAS,B
942
_2
udc
_c
BK
999
_c
39218
_d
39218